Political Actors' Narratives on the Reforms of the European Union Future Visions of Europe?

Salvato in:
Dettagli Bibliografici
Altri autori: Góra, Magdalena, Thevenin, Elodie, Zielińska, Katarzyna
Natura: Libro
Lingua:inglese
Pubblicazione: Abingdon Routledge/Taylor & Francis Group 2026
Edizione:1st Edition
Soggetti:
Tags: Aggiungi Tag
Nessun Tag, puoi essere il primo ad aggiungerne!!

MARC

LEADER 00000nam a2200000 4500
001 0313154
005 20260112144942.8
020 |a 9781040430422 
041 0 |a eng 
044 |a GB 
245 1 0 |a Political Actors' Narratives on the Reforms of the European Union  |b Future Visions of Europe?  |c Edited by Magdalena Góra, Elodie Thevenin and Katarzyna Zielińska 
250 |a 1st Edition 
264 1 |a Abingdon  |b Routledge/Taylor & Francis Group  |c 2026 
300 |a 391 s. 
500 |a ProQuest e-books. 
610 2 0 |a Európska únia 
610 2 0 |a reformy 
610 2 0 |a integrácia ekonomická medzinárodná 
610 2 0 |a Európsky parlament 
610 2 0 |a demokracia 
610 2 0 |a strany politické 
700 1 |a Góra, Magdalena 
700 1 |a Thevenin, Elodie 
700 1 |a Zielińska, Katarzyna